Exégesis bíblica: textos, métodos, interpretaciones

में बचाया:
ग्रंथसूची विवरण
स्वरूप: पुस्तक
भाषा:स्पेनिश
प्रकाशित: Madrid Paulinas 1979
विषय:
टैग: टैग जोड़ें
कोई टैग नहीं, इस रिकॉर्ड को टैग करने वाले पहले व्यक्ति बनें!

MARC

LEADER 00000nam a2200000 a 4500
001 UCL1487
003 CL-VaPUC
008 030911e19790000SP |||||||||||||||||spa|d
020 |a 8428507686 
082 0 4 |a 220.6  |b EXE  |2 21 
245 1 0 |a Exégesis bíblica: textos, métodos, interpretaciones 
300 |a 199 p 
942 |c BK 
945 |d 20030911 00:00:00  |a vberengu 
260 |a Madrid  |b Paulinas  |c 1979 
650 0 |a Textos sagrados   |9 257605 
650 0 |a Biblia  |9 257603 
650 0 |a Crítica e interpretación   |9 255042 
583 |a last modification  |c 20170628 01:11:58  |k Rodrigo Vera 
999 |c 305023  |d 305021 
952 |0 0  |1 0  |4 0  |6 220_600000000000000_EXE_1979  |7 0  |8 A  |9 367959  |a BIBTEO  |b BIBTEO  |d 2019-11-21  |i 2076888  |o 220.6 EXE 1979  |p 2076888  |r 2025-01-17  |w 2019-11-21  |y BK  |k ICR